000 00733nam a2200265Ia 4500
005 20260121173010.0
008 008 260114s9999 xx 000 0 eng d
020 _a9789811689543
037 _aEBOOK
040 _aCRL
040 _beng
040 _cCRL
041 _2eng
041 _aeng
084 _qCRL
100 _aMohd Najib Ali Mokhtar, Zamberi Jamaludin, Mohd Sanusi Abdul Aziz, Mohd Nazmin Maslan, Jeeferie Abd Razak
_91095373
245 0 _aIntelligent Manufacturing and Mechatronics
260 _bSpringer
260 _bSpringer
260 _c2022
856 _uhttps://link.springer.com/openurl?genre=book&isbn=978-981-16-8954-3
942 _cEBOOK
999 _c1661115
_d1661115